[Event "Durban USSA op"]
[Site "Durban"]
[Date "2023.12.06"]
[Round "5"]
[White "Mbokazi, Banele"]
[Black "Wagner, Gerald"]
[Result "1/2-1/2"]
[WhiteElo "1586"]
[BlackElo "1711"]
[PlyCount "45"]
[EventDate "2023.12.04"]
[EventType "swiss"]
[EventRounds "9"]
[EventCountry "RSA"]
[SourceTitle "CB50_2023"]
[SourceDate "2023.12.13"]
[SourceVersion "1"]
[SourceVersionDate "2023.12.13"]
[SourceQuality "1"]

1. e4 e6 2. d4 d5 3. Nc3 Nf6 4. Bg5 Be7 5. e5 Nfd7 6. Bxe7 Qxe7 7. f4 a6 8. Nf3 c5 9. Qd2 Nc6 10. Rd1 g5 11. Nxg5 Nxd4 12. Ne2 Nc6 13. c4 d4 14. Ne4 f6 15. exf6 Nxf6 16. N2g3 Ng4 17. Be2 Ne3 18. Bh5+ Kf8 19. Rc1 b6 20. Bf3 Bb7 21. Nf1 Nf5 22. Nfg3 Rg8 23. 0-0 1/2-1/2

[Event "Durban USSA op"]
[Site "Durban"]
[Date "2023.12.04"]
[Round "2"]
[White "Wagner, Gerald"]
[Black "Morubane, Benjamin"]
[Result "1-0"]
[WhiteElo "1711"]
[BlackElo "1359"]
[PlyCount "79"]
[EventDate "2023.12.04"]
[EventType "swiss"]
[EventRounds "9"]
[EventCountry "RSA"]
[SourceTitle "CB50_2023"]
[SourceDate "2023.12.13"]
[SourceVersion "1"]
[SourceVersionDate "2023.12.13"]
[SourceQuality "1"]

1. e4 e5 2. Nf3 Nc6 3. Bb5 a6 4. Ba4 Nf6 5. d3 b5 6. Bb3 Be7 7. 0-0 0-0 8. Re1 d6 9. c3 Bg4 10. Nbd2 Qd7 11. a4 Rab8 12. Nf1 b4 13. Bc2 Rb7 14. Ng3 Nh5 15. h3 Bxf3 16. Qxf3 Nxg3 17. Qxg3 Rfb8 18. f4 b3 19. Bd1 Qd8 20. Rf1 Bh4 21. Qf3 Qe7 22. g3 Bf6 23. f5 Nd8 24. h4 c6 25. Be3 c5 26. Be2 Nc6 27. Rf2 Rc7 28. Rh2 g6 29. Rf1 Bg7 30. f6 Qe6 31. fxg7 Kxg7 32. h5 Rh8 33. hxg6 hxg6 34. Rxh8 Kxh8 35. Bg5 f5 36. exf5 Qxf5 37. Bf6+ Kg8 38. Qd5+ Kf8 39. Rxf5 gxf5 40. Qxd6+ 1-0

[Event "Antwerp World Uni blitz op"]
[Site "Antwerp"]
[Date "2022.09.14"]
[Round "2"]
[White "Musasizi, Emmanuel"]
[Black "Wagner, Gerald"]
[Result "1-0"]
[WhiteElo "2039"]
[BlackElo "1749"]
[PlyCount "53"]
[EventDate "2022.09.14"]
[EventType "swiss (blitz)"]
[EventRounds "9"]
[EventCountry "BEL"]
[SourceTitle "CBM 210 Extra"]
[Source "ChessBase"]
[SourceDate "2022.11.30"]
[SourceVersion "1"]
[SourceVersionDate "2022.11.30"]
[SourceQuality "1"]

1. e4 e6 2. d4 d5 3. Nc3 Nf6 4. exd5 exd5 5. Bg5 Be7 6. Nf3 0-0 7. Bd3 Nbd7 8. Qd2 b6 9. 0-0-0 c5 10. Rde1 h6 11. Bh4 Re8 12. Ne5 cxd4 13. Nc6 Qc7 14. Nxe7+ Rxe7 15. Rxe7 dxc3 16. bxc3 Qd6 17. Bxf6 Nxf6 18. Ree1 Be6 19. Kb2 a5 20. f3 a4 21. a3 Rc8 22. g4 d4 23. c4 b5 24. Qb4 Qxb4+ 25. axb4 bxc4 26. Bf5 Bd5 27. Bxc8 1-0

[Event "Antwerp World Uni blitz op"]
[Site "Antwerp"]
[Date "2022.09.14"]
[Round "1"]
[White "Wagner, Gerald"]
[Black "Boudry, William"]
[Result "0-1"]
[WhiteElo "1749"]
[BlackElo "2122"]
[PlyCount "58"]
[EventDate "2022.09.14"]
[EventType "swiss (blitz)"]
[EventRounds "9"]
[EventCountry "BEL"]
[SourceTitle "CBM 210 Extra"]
[Source "ChessBase"]
[SourceDate "2022.11.30"]
[SourceVersion "1"]
[SourceVersionDate "2022.11.30"]
[SourceQuality "1"]

1. e4 e5 2. Nf3 Nc6 3. Bb5 Nge7 4. c3 d5 5. Nxe5 dxe4 6. Qa4 Qd5 7. Nxc6 Nxc6 8. 0-0 Bd7 9. Re1 f5 10. d3 a6 11. Bxc6 Bxc6 12. Qc2 0-0-0 13. dxe4 fxe4 14. Be3 Bd6 15. Nd2 Rhf8 16. Rad1 Qh5 17. g3 Kb8 18. Nxe4 Qf3 19. Bg5 Rde8 20. Re3 Bxe4 21. Rxf3 Bxc2 22. Rxf8 Rxf8 23. Rd2 Bg6 24. Be3 Re8 25. Kf1 Kc8 26. Ke2 Bc5 27. b4 Bxe3 28. fxe3 Rd8 29. Rb2 Bd3+ 0-1

[Event "Antwerp World Uni blitz op"]
[Site "Antwerp"]
[Date "2022.09.14"]
[Round "7"]
[White "Wagner, Gerald"]
[Black "De Paula, Luan Araujo"]
[Result "1-0"]
[WhiteElo "1749"]
[BlackElo "1814"]
[PlyCount "65"]
[EventDate "2022.09.14"]
[EventType "swiss (blitz)"]
[EventRounds "9"]
[EventCountry "BEL"]
[SourceTitle "CBM 210 Extra"]
[Source "ChessBase"]
[SourceDate "2022.11.30"]
[SourceVersion "1"]
[SourceVersionDate "2022.11.30"]
[SourceQuality "1"]

1. e4 c5 2. Nf3 e6 3. d4 cxd4 4. Nxd4 Nc6 5. Nb3 Nf6 6. Nc3 Be7 7. Be3 d5 8. exd5 Nxd5 9. Nxd5 Qxd5 10. Qxd5 exd5 11. 0-0-0 Be6 12. Nd4 Bf6 13. Bb5 Rc8 14. Nxe6 fxe6 15. Bxa7 Ra8 16. Bc5 Ra5 17. Bxc6+ bxc6 18. Ba3 Kd7 19. Rd3 Rb8 20. Rb3 Rab5 21. Rd1 R8b7 22. Rdd3 c5 23. Bxc5 Rxb3 24. Rxb3 Rc7 25. Be3 Rc4 26. Rd3 Rb4 27. c3 Ra4 28. a3 Ra6 29. Kc2 Rc6 30. Bd4 e5 31. Be3 d4 32. Kd2 Ke6 33. cxd4 1-0

[Event "Antwerp World Uni blitz op"]
[Site "Antwerp"]
[Date "2022.09.14"]
[Round "9"]
[White "Wagner, Gerald"]
[Black "Nyola, Wasswa Mark"]
[Result "0-1"]
[WhiteElo "1749"]
[BlackElo "1725"]
[PlyCount "179"]
[EventDate "2022.09.14"]
[EventType "swiss (blitz)"]
[EventRounds "9"]
[EventCountry "BEL"]
[SourceTitle "CBM 210 Extra"]
[Source "ChessBase"]
[SourceDate "2022.11.30"]
[SourceVersion "1"]
[SourceVersionDate "2022.11.30"]
[SourceQuality "1"]

1. e4 e5 2. Nf3 Nc6 3. Bb5 a6 4. Ba4 Nf6 5. d3 b5 6. Bb3 Bc5 7. 0-0 d6 8. c3 0-0 9. Nbd2 h6 10. a4 Rb8 11. Re1 Ng4 12. Re2 Be6 13. axb5 axb5 14. h3 Nf6 15. Bc2 Bb6 16. Nf1 Ne7 17. Ng3 Ng6 18. d4 Bc4 19. Re1 Nh7 20. Nf5 b4 21. d5 bxc3 22. bxc3 Ne7 23. N3h4 Nxf5 24. Nxf5 Qf6 25. Qf3 Ng5 26. Qg3 Rbe8 27. Bxg5 Qxg5 28. Qxg5 hxg5 29. Ne3 Bb5 30. c4 Bd7 31. Ba4 Bxa4 32. Rxa4 Ra8 33. Rea1 Rxa4 34. Rxa4 f6 35. Nf5 Kf7 36. Kf1 g6 37. Nh6+ Kg7 38. Ng4 f5 39. exf5 gxf5 40. Ne3 Kg6 41. Ke2 f4 42. Ng4 Kf5 43. f3 Bc5 44. Kd3 Rb8 45. Ra2 Rb3+ 46. Kc2 Rb4 47. Kc3 Rb1 48. Nh6+ Kg6 49. Ng8 Rc1+ 50. Kd3 Rb1 51. Ne7+ Kf6 52. Nc6 Rd1+ 53. Ke2 Rc1 54. Na5 Bb4 55. Kd3 Rc3+ 56. Ke2 Bxa5 57. Rxa5 Rxc4 58. Ra2 Rc5 59. Rd2 c6 60. Rd3 cxd5 61. Ra3 Rc6 62. Kd3 Ke6 63. Ra8 Rb6 64. Rg8 Kf6 65. Rf8+ Kg7 66. Rd8 Rc6 67. Rd7+ Kf6 68. Rd8 Rb6 69. Rf8+ Ke6 70. Rg8 Rb3+ 71. Kc2 Re3 72. Rxg5 d4 73. h4 Rc3+ 74. Kd2 Rc8 75. Rg6+ Kd5 76. h5 Rh8 77. h6 Rh7 78. Rf6 e4 79. fxe4+ Kxe4 80. Rxd6 Ra7 81. Re6+ Kd5 82. Rg6 Ra2+ 83. Kd3 Ra3+ 84. Ke2 Ra7 85. Kf3 d3 86. Rg5+ Kd4 87. Rg4 d2 88. Rxf4+ Kc3 89. Ke2 Rh7 90. Rf3+ 0-1

[Event "Antwerp World Uni op"]
[Site "Antwerp"]
[Date "2022.09.13"]
[Round "3"]
[White "Wagner, Gerald"]
[Black "Tan, Jun Hao"]
[Result "0-1"]
[WhiteElo "1742"]
[BlackElo "1796"]
[PlyCount "92"]
[EventDate "2022.09.12"]
[EventType "swiss"]
[EventRounds "9"]
[EventCountry "BEL"]
[SourceTitle "EXT 2023"]
[Source "ChessBase"]
[SourceDate "2022.10.05"]
[SourceVersion "1"]
[SourceVersionDate "2022.10.05"]
[SourceQuality "1"]

1. e4 c5 2. Nf3 Nc6 3. d4 cxd4 4. Nxd4 Qc7 5. Nc3 e6 6. Be3 a6 7. g3 Nf6 8. Bg2 Ne5 9. Bf4 Bc5 10. 0-0 d6 11. Nb3 Ba7 12. h3 0-0 13. Kh2 h6 14. Qe2 b5 15. a3 Bb7 16. Rad1 Rad8 17. Bc1 Nc4 18. Rd3 Ne5 19. Rdd1 Nc4 20. a4 b4 21. Na2 a5 22. c3 d5 23. cxb4 Nxe4 24. b5 Bxf2 25. Rxf2 Qxg3+ 26. Kg1 Nxf2 27. Nc5 Nxd1 28. Nxb7 Rb8 29. Nxa5 Nxa5 30. Qxd1 Rfc8 31. Nc3 Rc4 32. Bd2 Rd4 33. Qe2 Nc4 34. Be1 Qg5 35. b3 Ne3 36. a5 Qxg2+ 37. Qxg2 Nxg2 38. Kxg2 Rb4 39. b6 Rxb3 40. Na4 Rb5 41. Kf3 Ra8 42. Ke3 Raxa5 43. Bxa5 Rxa5 44. b7 Rb5 45. Nc5 e5 46. Kd3 f5 0-1

[Event "Africa-ch U16"]
[Site "Port Elizabeth"]
[Date "2016.08.22"]
[Round "1"]
[White "Wagner, Gerald"]
[Black "Fakude, Hopewell Mongezi"]
[Result "0-1"]
[WhiteElo "1584"]
[BlackElo "1866"]
[PlyCount "66"]
[EventDate "2016.08.22"]
[EventType "swiss"]
[EventRounds "9"]
[EventCountry "RSA"]
[SourceTitle "CBM 174 Extra"]
[Source "ChessBase"]
[SourceDate "2016.10.10"]
[SourceVersion "1"]
[SourceVersionDate "2016.10.10"]
[SourceQuality "1"]

1. e4 c5 2. Nf3 e6 3. d4 cxd4 4. Nxd4 Nf6 5. Bd3 Nc6 6. Be3 Be7 7. 0-0 0-0 8. Nxc6 dxc6 9. f4 Qc7 10. Nd2 Rd8 11. Qe2 b6 12. Rae1 Bb7 13. f5 Bd6 14. g3 exf5 15. Bg5 Be5 16. c3 Bxg3 17. e5 Bxe1 18. Bxf6 gxf6 19. Rxe1 Rxd3 20. Qxd3 Rd8 21. Qxf5 Rxd2 22. Qg4+ Kh8 23. Qf4 Qd8 24. Qxf6+ Qxf6 25. exf6 h6 26. Re7 Ba6 27. Rxf7 Bc4 28. Rxa7 Rxb2 29. a4 Bd5 30. a5 bxa5 31. Rxa5 Ra2 32. Rc5 Kh7 33. f7 Kg7 0-1

[Event "RSA-ch U16"]
[Site "Bloemfontein"]
[Date "2016.03.22"]
[Round "4"]
[White "Bucceri, Draven Ricardo"]
[Black "Wagner, Gerald"]
[Result "0-1"]
[WhiteElo "1512"]
[BlackElo "1688"]
[PlyCount "62"]
[EventDate "2016.03.20"]
[EventType "swiss"]
[EventRounds "11"]
[EventCountry "RSA"]
[SourceTitle "CBM 171 Extra"]
[Source "ChessBase"]
[SourceDate "2016.04.26"]
[SourceVersion "1"]
[SourceVersionDate "2016.04.26"]
[SourceQuality "1"]

1. d4 d5 2. Nc3 c5 3. Bg5 h6 4. Bh4 Nc6 5. Nf3 Bf5 6. e3 c4 7. Nd2 g5 8. Bg3 e6 9. f3 Bb4 10. Nb5 Rc8 11. c3 Be7 12. Qa4 Qd7 13. b3 a6 14. Nc7+ Rxc7 15. Bxc7 Qxc7 16. bxc4 Nf6 17. cxd5 exd5 18. c4 0-0 19. cxd5 Nxd5 20. e4 Nb6 21. Qc2 Be6 22. d5 Nxd5 23. exd5 Qe5+ 24. Kf2 Qd4+ 25. Ke2 Qxa1 26. dxc6 bxc6 27. Nb3 Qe5+ 28. Kf2 Bxb3 29. Qe4 Bc5+ 30. Ke2 Qb2+ 31. Ke1 Bf2# 0-1

[Event "RSA-chT U16"]
[Site "Cape Town"]
[Date "2016.01.06"]
[Round "5.1"]
[White "Vos, Ruben"]
[Black "Wagner, Gerald"]
[Result "1-0"]
[WhiteElo "1385"]
[BlackElo "1630"]
[PlyCount "55"]
[EventDate "2016.01.04"]
[EventType "team-tourn"]
[EventRounds "7"]
[EventCountry "RSA"]
[SourceTitle "CBM 170 Extra"]
[Source "ChessBase"]
[SourceDate "2016.02.25"]
[SourceVersion "1"]
[SourceVersionDate "2016.02.25"]
[SourceQuality "1"]
[WhiteTeam "Ekurhuleni"]
[BlackTeam "Nelson Mandela Bay"]
[WhiteTeamCountry "RSA"]
[BlackTeamCountry "RSA"]

1. e4 e5 2. Nf3 Nc6 3. d4 exd4 4. Bc4 Be7 5. 0-0 d6 6. Nxd4 Na5 7. Bb3 Bg4 8. f3 Bd7 9. f4 Nc6 10. Nxc6 Bxc6 11. e5 d5 12. f5 Bc5+ 13. Kh1 h5 14. Nc3 d4 15. Ne2 h4 16. h3 Ne7 17. f6 gxf6 18. exf6 Qd7 19. Nf4 Rg8 20. Bxf7+ Kxf7 21. Qh5+ Ng6 22. Qh7+ Kf8 23. f7 Rg7 24. Nxg6+ Rxg6 25. Qh8+ Ke7 26. f8Q+ Rxf8 27. Qxf8+ Ke6 28. Qf5+ 1-0

[Event "RSA-chT U16"]
[Site "Cape Town"]
[Date "2016.01.04"]
[Round "2.1"]
[White "Wagner, Gerald"]
[Black "Marais, Daniel Petrus"]
[Result "1-0"]
[WhiteElo "1630"]
[BlackElo "1769"]
[PlyCount "54"]
[EventDate "2016.01.04"]
[EventType "team-tourn"]
[EventRounds "7"]
[EventCountry "RSA"]
[SourceTitle "CBM 170 Extra"]
[Source "ChessBase"]
[SourceDate "2016.02.25"]
[SourceVersion "1"]
[SourceVersionDate "2016.02.25"]
[SourceQuality "1"]
[WhiteTeam "Nelson Mandela Bay"]
[BlackTeam "Tshwane"]
[WhiteTeamCountry "RSA"]
[BlackTeamCountry "RSA"]

1. e4 e5 2. Nf3 Nc6 3. Bb5 a6 4. Ba4 Nf6 5. d3 b5 6. Bb3 Bc5 7. 0-0 0-0 8. c3 d6 9. Re1 Bb6 10. Nbd2 Na5 11. Bc2 c5 12. Nf1 Nc6 13. Bg5 h6 14. Bh4 g5 15. Bg3 Nh7 16. Ne3 Ne7 17. d4 cxd4 18. cxd4 g4 19. Nh4 Bxd4 20. Nxg4 Kg7 21. Nf5+ Nxf5 22. exf5 Bb7 23. f6+ Kh8 24. Qd3 e4 25. Rxe4 Bxe4 26. Qxe4 Ng5 27. Qxd4 Rc8 1-0

[Event "RSA-ch U16"]
[Site "Waterkloof"]
[Date "2015.04.06"]
[Round "3"]
[White "Moodley, Tarendra"]
[Black "Wagner, Gerald"]
[Result "1-0"]
[WhiteElo "1432"]
[BlackElo "1802"]
[PlyCount "101"]
[EventDate "2015.04.04"]
[EventType "swiss"]
[EventRounds "9"]
[EventCountry "RSA"]
[SourceTitle "CBM 166 Extra"]
[Source "ChessBase"]
[SourceDate "2015.06.18"]
[SourceVersion "1"]
[SourceVersionDate "2015.06.18"]
[SourceQuality "1"]

1. e4 c6 2. d4 d5 3. e5 Bf5 4. Nd2 e6 5. Ngf3 a6 6. Be2 c5 7. c3 Nc6 8. 0-0 Rc8 9. Nb3 cxd4 10. Nbxd4 Nge7 11. Bg5 Be4 12. Nxc6 Rxc6 13. Nd4 Rb6 14. a4 Qc7 15. a5 Rxb2 16. Qc1 Rxe2 17. Nxe2 Qxe5 18. Ng3 Bd3 19. Re1 Qc7 20. Bf4 Qc6 21. Ne2 Ng6 22. Nd4 Qd7 23. Nf3 Nxf4 24. Ne5 Qc7 25. Qxf4 Bd6 26. Qd4 Bb5 27. g3 0-0 28. Kg2 Rc8 29. Nf3 h6 30. Qd2 Qxc3 31. Rac1 Qxd2 32. Rxc8+ Kh7 33. Nxd2 Bb4 34. Rd1 Be2 35. Rb1 Bxd2 36. Rb2 Bxa5 37. Rxe2 Kg6 38. Rb2 b6 39. Rc6 Kf5 40. Rbxb6 Bxb6 41. Rxb6 Ke4 42. Rxa6 g5 43. Kf1 Kf5 44. Ke2 h5 45. h3 Ke5 46. Kd3 Kf5 47. Kd4 Kf6 48. Ra7 Kg7 49. Ke5 Kg6 50. f3 Kg7 51. f4 1-0

[Event "RSA-ch U16"]
[Site "Waterkloof"]
[Date "2015.04.04"]
[Round "1"]
[White "Prinsloo, Marthinus Philippus"]
[Black "Wagner, Gerald"]
[Result "0-1"]
[WhiteElo "1563"]
[BlackElo "1802"]
[PlyCount "101"]
[EventDate "2015.04.04"]
[EventType "swiss"]
[EventRounds "9"]
[EventCountry "RSA"]
[SourceTitle "CBM 166 Extra"]
[Source "ChessBase"]
[SourceDate "2015.06.18"]
[SourceVersion "1"]
[SourceVersionDate "2015.06.18"]
[SourceQuality "1"]

1. d4 d5 2. c4 c6 3. Nc3 e6 4. cxd5 exd5 5. Nf3 Nf6 6. Qc2 Be7 7. Bg5 0-0 8. e3 Nbd7 9. Bd3 Re8 10. 0-0 h6 11. Bh4 c5 12. Rab1 b6 13. Bb5 Bb7 14. dxc5 bxc5 15. Rfd1 Rf8 16. Rd2 Nb6 17. a4 a5 18. Ne5 Qd6 19. Bg3 Qe6 20. Bd3 Bd6 21. Bf5 Qe7 22. Nd3 Bxg3 23. hxg3 g6 24. Bh3 Bc6 25. Nf4 Rfd8 26. Nfe2 Nc4 27. Rdd1 Rab8 28. Nc1 Nh7 29. Nd3 Ng5 30. Qe2 d4 31. Nb5 Qe4 32. f3 Qxe3+ 33. Qxe3 Nxe3 34. Rd2 Bxb5 35. axb5 Rxb5 36. Rc1 c4 37. Nf4 Nxh3+ 38. gxh3 Rd6 39. Ne2 Rbd5 40. Nf4 Re5 41. Ne2 Rb5 42. Nc3 d3 43. Ne4 Re5 44. Kf2 Nd5 45. Nxd6 Nb6 46. Ne4 f5 47. Nc3 Kf7 48. Re1 Kf6 49. Rxe5 Kxe5 50. f4+ Kf6 51. Ke3 0-1